Statistiche per Squadre state in Serie A che iniziano con la P

Clicka qui per fare il quiz!

Statistiche generali

  • Questo quiz è stato fatto 13 volte
  • Il punteggio medio è 7 su 10

Statistiche sulle risposte

Stagioni in Serie AUltima stagione in Serie ASquadra% Corretto
292016-2017Palermo
91%
272020-2021Parma
91%
132003-2004Perugia
82%
82002-2003Piacenza
82%
71990-1991Pisa
82%
161995-1996Padova
64%
72016-2017Pescara
64%
61934-1935Pro Vercelli
64%
121955-1956Pro Patria
55%
11980-1981Pistoiese
45%

Distribuzione punteggi

Percentile per numero di risposta

Percentuale di utenti per punteggio

I tuoi punteggi nel tempo

Non hai fatto questo quiz